A first course in linear model theory / (رقم التسجيلة. 619)
[ عرض عادي ]
| 000 -الفاتح | |
|---|---|
| حقل البيانات ثابتة الطول | 01245cam a22003134a 4500 |
| 001 - رقم الضبط | |
| رقم الضبط | 12547497 |
| 003 - محدد رقم الضبط | |
| رقم الضبط | OSt |
| 005 - وقت وتاريخ اخر تعامل مع التسجيلة | |
| رقم الضبط | 20150408113721.0 |
| 008 - عناصر البيانات ثابتة الطول - معلومات عامة | |
| حقل البيانات ثابتة الطول | 010927s2002 flua b 001 0 eng |
| 010 ## - رقم ضبط مكتبة الكونجرس | |
| رقم ضبط مكتبة الكونجرس | 2001053726 |
| 020 ## - الرقم الدولى المعيارى للكتب | |
| الرقم الدولى المعيارى للكتاب | 1584882476 (alk. paper) |
| 040 ## - مصدر الفهرسة | |
| وكالة الفهرسة الأصلية | DLC |
| وكالة النسخ | DLC |
| وكالة التعديل | DLC |
| 042 ## - رمز التحقق | |
| رمز التحقق | pcc |
| 050 00 - رقم طلب مكتبة الكونجرس | |
| رقم التصنيف | QA276 |
| رقم المادة | .R38 2002 |
| 082 00 - رقم تصنيف ديوى العشرى | |
| رقم التصنيف | 519.535 |
| رقم الطبعة | 21 |
| 100 1# - المدخل الرئيسى - إسم شخصى | |
| الإسم الشخصى | Ravishanker, Nalini. |
| 9 (RLIN) | 5693 |
| 245 12 - بيان العنوان | |
| العنوان | A first course in linear model theory / |
| بيان المسئوليه,etc | Nalini Ravishanker and Dipak K. Dey. |
| 260 ## - PUBLICATION, DISTRIBUTION, ETC. (IMPRINT) | |
| مكان الناشر او الموزع | Boca Raton : |
| اسم الناشر او الموزع | Chapman & Hall/CRC, |
| تاريخ النشر أو التوزيع | c2002. |
| 300 ## - الوصف المادى | |
| التعداد | xvi, 473 p. : |
| تفاصيل ماديه اخرى للوعاء | ill. ; |
| أبعاد الوعاء | 24 cm. |
| 490 1# - بيان السلسلة | |
| عنوان السلسلة | Texts in statistical science series |
| 504 ## - تبصرة ببليوجرافية | |
| تبصرة ببليوجرافية,الخ | Includes bibliographical references (p. 449-464) and index. |
| 650 #0 - المدخل الاضافى بالموضوع-مصطلح موضوعى | |
| مصطلح موضوعي أو اسم جغرافي كعنصر مدخل | Linear models (Statistics) |
| 9 (RLIN) | 4665 |
| 700 1# - المدخل الاضافى - اسم شخصى | |
| الإسم الشخصى | Dey, Dipak. |
| 9 (RLIN) | 5694 |
| 830 #0 - المدخل الاضافى بالسلسلة -عنوان موحد | |
| عنوان موحد | Texts in statistical science. |
| 9 (RLIN) | 4666 |
| 856 41 - الوصول و الموقع الالكترونى | |
| مواد محددة | Table of contents only |
| معرف المصدر الموحد | <a href="http://www.loc.gov/catdir/toc/fy031/2001053726.html">http://www.loc.gov/catdir/toc/fy031/2001053726.html</a> |
| 856 42 - الوصول و الموقع الالكترونى | |
| مواد محددة | Publisher description |
| معرف المصدر الموحد | <a href="http://www.loc.gov/catdir/enhancements/fy0646/2001053726-d.html">http://www.loc.gov/catdir/enhancements/fy0646/2001053726-d.html</a> |
| 942 ## - عناصر المدخل الإضافي( كوها) | |
| مصدر التصنيف او مخطط الترفيف | Dewey Decimal Classification |
| Koha [default] item type | كتاب |
| حالة الفقد | نموذج السعر الفعال | حالة تلف | ليس للاعارة | رقم الطلب | تاريخ الاكتساب | الموقع الحالي | الباركود | الفرع الرئيسي | Date last seen | نوع المادة فى نظام كوها | مصدر التصنيف او خطة الترفيف | Total Checkouts |
|---|---|---|---|---|---|---|---|---|---|---|---|---|
| 2013-03-10 | 519.535 R N F | 2011-10-26 | المكتبة المركزية بالمجمعة (CL) | 00049406 | المكتبة المركزية بالمجمعة (CL) | 2013-03-10 | كتاب | Dewey Decimal Classification | ||||
| 2013-03-10 | 519.535 R N F | 2011-10-26 | المكتبة المركزية بالمجمعة (CL) | 00049407 | المكتبة المركزية بالمجمعة (CL) | 2013-03-10 | كتاب | Dewey Decimal Classification | ||||
| 2013-03-10 | 519.535 R N F | 2011-10-26 | المكتبة المركزية بالمجمعة (CL) | 00049408 | المكتبة المركزية بالمجمعة (CL) | 2013-03-10 | كتاب | Dewey Decimal Classification | ||||
| 2013-03-10 | 519.535 R N F | 2011-10-26 | المكتبة المركزية بالمجمعة (CL) | 00049409 | المكتبة المركزية بالمجمعة (CL) | 2013-03-10 | كتاب | Dewey Decimal Classification | ||||
| 2013-03-10 | 519.535 R N F | 2011-10-26 | المكتبة المركزية بالمجمعة (CL) | 00049410 | المكتبة المركزية بالمجمعة (CL) | 2013-03-10 | كتاب | Dewey Decimal Classification |
